Miradas al mundo actual
Na minha lista:
| Autor principal: | |
|---|---|
| Formato: | Livro |
| Idioma: | espanhol |
| Publicado em: |
Buenos Aires
Losada
1954
|
| Colecção: | Obras escogidas de: Paul Valéry
|
| Assuntos: | |
| Tags: |
Adicionar Tag
Sem tags, seja o primeiro a adicionar uma tag!
|
MARC
| LEADER | 00000nam a2200000 a 4500 | ||
|---|---|---|---|
| 001 | UCP4282 | ||
| 003 | CL-VaPUC | ||
| 008 | 990724e19540000AG |||||||||||||||||spa|d | ||
| 082 | 0 | 4 | |a 844 |b VAL |2 21 |
| 100 | 0 | |a Valéry, Paul |e author |9 320134 | |
| 245 | 1 | 0 | |a Miradas al mundo actual |
| 300 | |a 274 p | ||
| 942 | |c BK | ||
| 945 | |d 19990724 00:00:00 |a lriquelm | ||
| 260 | |a Buenos Aires |b Losada |c 1954 | ||
| 650 | 0 | |a Ensayos franceses |9 265511 | |
| 650 | 0 | |a Literatura francesa |9 266330 | |
| 583 | |a last modification |c 19990724 00:00:00 |k Rodrigo Vera | ||
| 490 | 0 | |a Obras escogidas de: Paul Valéry | |
| 999 | |c 282285 |d 282283 | ||
| 952 | |0 0 |1 0 |4 0 |6 844_000000000000000_VAL_1954 |7 0 |8 A |9 323915 |a BIBART |b BIBART |d 2019-11-20 |i 3816605 |o 844 VAL 1954 |p 3816605 |r 2025-03-13 |w 2019-11-20 |y BK |k ART | ||